| 000 | 00942nam a2200181Ia 4500 | ||
|---|---|---|---|
| 008 | 100921s9999 xx 000 0 und d | ||
| 082 |
_b6924 _a120 थ 89 |
||
| 100 | _aलिमये विनायक राजाराम. | ||
| 245 | _aजगायचे कां मरायचे, माणसाला हक्क हवा निवड करण्याचा. | ||
| 260 |
_bउन्मेश प्रकाशन,पुणे. _c1989 |
||
| 300 |
_a459 _b--- |
||
| 365 | _b50 | ||
| 520 | _aतत्वज्ञान-जीवन-मरण. | ||
| 630 | _aजगायचे कां मरायचे, माणसाला हक्क हवा निवड करण्याचा. | ||
| 650 | _aतत्वज्ञान-जीवन-मरण. | ||
| 730 | _aजगायचे कां मरायचे, माणसाला हक्क हवा निवड करण्याचा. | ||
| 942 | _cBOOK | ||
| 999 |
_c756037 _d756034 |
||